Przewodnik po Tawern of Aszan - Statystyki

Ogólne statystyki
  • Ten quiz został rozwiązany 138 razy
  • Średni wynik to 14 z 20
Statystyki odpowiedzi
Zagadnienie Odpowiedź % Poprawnych
Wedle tradycji, po przegranym meczu należy: d) spłakać się, że gra sprzysięgła się przeciwko nam
90%
Starcie wygrywa zwykle gracz posiadający: b) rng po swojej stronie
86%
Powszechnie lubianą i najczęściej wybieraną do gry przez graczy frakcją jest/są: d) wszystkie odpowiedzi są poprawne;)
85%
Ustrojem społeczno-politycznym panującym na serwerze Tawern of Aszan jest: c) admino-faszyzm
83%
Stosunkowo najmniej osób potrafiących dobrze grać na szablonie Arena znajdziemy w społeczności: a) discorda Tawern of Aszan
82%
Najlepszy gracz H5 na polskiej scenie multiplayer pochodzi oczywiście z… d) to drażliwy temat
81%
Bez czego nie może się odbyć stream z Heroes 5? c) problemów technicznych
79%
Zacznijmy od czegoś łatwego. Jak powszechnie wiadomo, gracze Areny nie potrafią: b) czytać
78%
W sytuacji gdy widzimy że prawdopodobnie przegramy rozgrywkę, najlepszym wyjściem aby tego uniknąć jest: d) stawianie ognistych pułapek, a następnie przerwanie łącza
78%
Teraz coś łatwiejszego. Jakie zwierzę jest maskotką serwera Tawern of Ashan? b) Jamnik
76%
Jak często przeciętny gracz Heroes 5 myśli o Imperium Gryfów? d) tak
76%
Najbardziej znaną i powszechnie lubianą na Tawernie postacią z uniwersum Heroes of Might and Magic, jest: b) Spazz Maticus
73%
Jak powszechnie wiadomo, większość graczy Areny boi się... a) kobiet
71%
Matematyka - Jaka jest szansa na wystąpienie efektów losowych, takich tak odparcie zaklęcia, szczęście, morale, torpor, czy ogłuszenie? a) zawsze 50%
70%
Prawidłowo dokończ mądrość ludową: 90% graczy Areny... b) nie potrafi grać Areny
70%
Co gwarantuje ci awansowanie w kolejnych etapach organizowanych na Tawernie turniejów? d) przelew na konto organizatorów
69%
Matematyka abstrakcyjna - Posiadanie ilu punktów morali lub szczęścia gwarantuje graczowi największe prawdopodobieństwo wystąpienia tych pozytywnych efektów? a) jednego
60%
Na szablonie Heroes 5 Arena najgroźniejsze i najbardziej zabójcze są: c) kontry
60%
Będąc na kanale "builds" Tawerny of Aszan należy uważać i najlepiej nie słuchać porad: "krokodyla"
53%
Starając się zrozumieć jakąś mechanikę gry należy kierować się: d) metodą prób i błędów
23%
Nie znaleziono quizów pasujących do podanych kryteriów
Rozkład punktacji
Procent ludzi z każdym wynikiem
Percentyl według liczby udzielonych odpowiedzi
Twoja historia wyników
Nie rozwiązałeś tego quizu